Statistics for Canada, Prime Ministers of

Click here to take the quiz!

General Stats

  • This quiz has been taken 22 times
  • The average score is 13 of 27

Answer Stats

TermPartyPrime Minister% Correct
1873-1878LiberalAlexander Mackenzie
88%
1867-1873Liberal-ConservativeJohn A. Macdonald
88%
1878-1891Liberal-ConservativeJohn A. Macdonald
88%
2015-IncumbentLiberalJustin Trudeau
88%
1968-1979LiberalPierre Trudeau
88%
1984-1993Progressive ConservativeBrian Mulroney
63%
2006-2015ConservativeStephen Harper
63%
1896-1911LiberalWilfrid Laurier
63%
1993-2003LiberalJean Chrétien
50%
1957-1963Progressive ConservativeJohn Diefenbaker
50%
1984LiberalJohn Turner
50%
1963-1968LiberalLester B. Pearson
50%
1896ConservativeCharles Tupper
38%
1979-1980Progressive ConservativeJoe Clark
38%
1891-1892Liberal-ConservativeJohn Abbott
38%
1892-1894Liberal-ConservativeJohn Thompson
38%
1993Progressive ConservativeKim Campbell
38%
1894-1896ConservativeMackenzie Bowell
38%
1935-1948LiberalWilliam Lyon Mackenzie King
38%
1926-1930LiberalWilliam Lyon Mackenzie King
38%
1921-1926LiberalWilliam Lyon Mackenzie King
38%
1926ConservativeArthur Meighen
25%
1920-1921ConservativeArthur Meighen
25%
1948-1957LiberalLouis St. Laurent
25%
2003-2006LiberalPaul Martin
25%
1930-1935ConservativeR. B. Bennett
25%
1911-1920UnionistRobert Borden
25%

Score Distribution

Percentile by Number Answered

Percent of People with Each Score

Your Score History

You have not taken this quiz